|
|
|
|
| LEADER |
00000nam0a2200000 4500 |
| 001 |
50782 |
| 005 |
20231031033601.0 |
| 035 |
|
|
|a (RuTPU)RU\TPU\book\53163
|
| 090 |
|
|
|a 50782
|
| 100 |
|
|
|a 20030418d1982 k y0rusy50 ca
|
| 101 |
0 |
|
|a rus
|
| 102 |
|
|
|a RU
|
| 105 |
|
|
|a a z 001zy
|
| 200 |
1 |
|
|a Конвективный перенос в теплообменниках
|f А. А. Жукаускас
|g Академия наук Литвы; Академия Наук СССР; Институт физико-технических проблем энергетики
|
| 210 |
|
|
|a Москва
|c Наука
|d 1982
|
| 215 |
|
|
|a 472 с.
|c ил.
|
| 320 |
|
|
|a Библиогр.: с. 444-460.
|
| 320 |
|
|
|a Указ. имен., предм.: с. 461-468.
|
| 610 |
1 |
|
|a теплотехника
|
| 610 |
1 |
|
|a теплообмен
|
| 610 |
1 |
|
|a конвективный перенос
|
| 610 |
1 |
|
|a конвективный теплообмен
|
| 610 |
1 |
|
|a моделирование
|
| 610 |
1 |
|
|a турбулентность
|
| 610 |
1 |
|
|a пограничный слой
|
| 610 |
1 |
|
|a теплоотдача
|
| 610 |
1 |
|
|a трубы
|
| 610 |
1 |
|
|a вибрация
|
| 610 |
1 |
|
|a турбулентные течения
|
| 610 |
1 |
|
|a теплообменники
|
| 675 |
|
|
|a 621.1.016.4.2
|v 3
|
| 700 |
|
1 |
|a Жукаускас
|b А. А.
|g Альгирдас Альфонсович
|
| 712 |
0 |
2 |
|a Академия Наук СССР
|2 stltpush
|3 (RuTPU)RU\TPU\col\722
|
| 712 |
0 |
2 |
|a Институт физико-технических проблем энергетики
|
| 712 |
0 |
2 |
|a Академия наук Литовской ССР (АН ЛитССР)
|c (Вильнюс)
|2 stltpush
|3 (RuTPU)RU\TPU\col\11539
|
| 801 |
|
1 |
|a RU
|b 63413507
|c 20030418
|g PSBO
|
| 801 |
|
2 |
|a RU
|b 63413507
|c 20191219
|g PSBO
|
| 942 |
|
|
|c BK
|